LEADER 01538nam a2200301 4500 001 000000342898 003 CaOOAMICUS 005 20201110143042.0 008 201110s2019 be a 000 u eng r 020 $a978-2-503-56979-6 040 $aSeMil$bita 245 10$aMonastic Europe : $bmedieval communities, landscapes, and settlements /$cedited by Edel Bhreathnach, Ma?gorzata Krasnode?bska-D'Aughton and Keith Smith. 264 1$aTurnhout :$bBrepols,$c2019. 300 $axx, 553 p. :$bill. ;$c25 cm 504 $aBibliography (alla fine di ogni contributo) 650 4$aEuropa - Monasteri - Medioevo.$0(OLS)http://semarc/subject/49630 650 4$aEuropa - Storia religiosa - Medioevo.$0(OLS)http://semarc/subject/49629 650 4$aMonachesimo e ordini religiosi - Storia - Medioevo.$0(OLS)http://semarc/subject/9498 700 1 $aKrasnod?bska-D'Aughton, Ma?gorzata.$0(OLS)http://semarc/name/112426 700 1 $aBhreathnach, Edel.$0(OLS)http://semarc/name/112424 700 1 $aSmith, Keith.$0(OLS)http://semarc/name/112425 830 0$aMedieval monastic studies ;$v4.$0(OLS)http://semarc/title/431811 850 $aSeMil 852 $aSeMil$W1$xVenegono$y1$m3T V 267$j222241$B233746$CSeMilBibl$Z2$F233746 $81 996 $6020$a978-2-503-56979-6$9(OLS)http://semarc/number/291613 996 $6245$aMonastic Europe : $bmedieval communities, landscapes, and settlements$9(OLS)http://semarc/title/431812 996 $6264$aTurnhout :$bBrepols$9(OLS)http://semarc/publisher/29626 LEADER 01574nam a2200325 i 4500 001 000000028664 003 CaOOAMICUS 005 20201221141450.0 008 180830s1998 be u000 u und u 020 $a90-429-0715-0 020 $a90-6186-933-1 040 $aSeMil$bita 245 14$aThe gospel of Matthew and the sayings source Q :$ba cumulative bibliography, 1950-1995 /$ccompiled by F. Neirynck, J. Verheyden, R. Corstjens. 260 $aLeuven :$bUitgeverij Peeters,$c1998. 260 $aLeuven :$bUniversity Press,$c1998. 300 $a2 v. ;$c25 cm. 700 1 $aNeirynck, Frans <1927-2012>.$0(OLS)http://semarc/name/6954 700 1 $aCorstjens, R.$0(OLS)http://semarc/name/13100 700 1 $aVerheyden, Joseph,$d<1957- >.$0(OLS)http://semarc/name/13096 774 0 $tVolume one.$kBibliotheca Ephemeridum Theologicarum Lovaniensium$w()68085 774 0 $tVol. 2.$kBibliotheca Ephemeridum Theologicarum Lovaniensium$w()221477 830 0$aBibliotheca Ephemeridum Theologicarum Lovaniensium.$0(OLS)http://semarc/title/108 900 1 $aVerheyden, Jozef,$d<1957- >. 996 $6020$a90-429-0715-0$9(OLS)http://semarc/number/1385 996 $6020$a90-6186-933-1$9(OLS)http://semarc/number/1386 996 $6245$aThe gospel of Matthew and the sayings source Q :$ba cumulative bibliography, 1950-1995$9(OLS)http://semarc/title/38915 996 $6260$aLeuven :$bUniversity Press$9(OLS)http://semarc/publisher/30124 996 $6260$aLeuven :$bUitgeverij Peeters$9(OLS)http://semarc/publisher/30123